Hodnotenie skreslenia obrazu pri komprimácii c systémoch MPEG-1, MPEG-2 a JPEG = Method of Evaliation of Image distorsion by Compression of Video Signals

Enregistré dans:
Détails bibliographiques
Auteur principal: Voľanský, Anton (Auteur)
Autres auteurs: Podhoranský, Peter (Directeur de thèse)
Format: Manuscrit Livre
Langue:slovaque
Publié: Bratislava : STU v Bratislave FEI, 2004
Sujets:
Tags: Ajouter un tag
Pas de tags, Soyez le premier à ajouter un tag!

MARC

LEADER 00000ntm a22000003a 4500
001 stu88223
005 20160719164708.7
008 040621s2004------------------------slo-d
040 |a STU  |b slo 
041 0 |a slo 
100 1 |a Voľanský, Anton  |4 aut 
245 1 |a Hodnotenie skreslenia obrazu pri komprimácii c systémoch MPEG-1, MPEG-2 a JPEG = Method of Evaliation of Image distorsion by Compression of Video Signals 
260 |a Bratislava :  |b STU v Bratislave FEI,  |c 2004 
300 |a 197 s 
650 7 |a elektronika  |2 stusub 
700 1 |a Podhoranský, Peter  |4 ths  |u E030  |U FEI Fakulta elektrotechniky a informatiky  |T FEI Ústav elektroniky a fotoniky  |X 1906  |U E030  |Y 549  |7 A000001906